| 000 | 02829nam0a2200325 4500 | ||
|---|---|---|---|
| 001 | RU\NLR\BIBL_A\012921609 | ||
| 005 | 20250721170903.0 | ||
| 010 |
_a978-5-7444-5127-1 _930 |
||
| 021 |
_aRU _bКН-П-22-061303 _9КН-П-22-5302 |
||
| 035 | _a(NLR Aleph) 012921609 | ||
| 035 | _a(RuMoRGB)011204084 | ||
| 090 |
_a12646009 _c12646009 |
||
| 100 | _a20221026d2021 u y0rusy50 ca | ||
| 101 | 0 | _arus | |
| 102 | _aRU | ||
| 105 | _aa|||j|||000zy | ||
| 200 | 1 |
_aШкола карьерного роста будущего техника-технолога _eучебно-методическое пособие _fА. Р. Хайдарова |
|
| 210 |
_aВладивосток _cИзд-во ДВФУ _d2021 |
||
| 215 |
_a102, [1] с. _cтабл. _d21 |
||
| 300 | _aНа 4-й с. обл. авт.: Хайдарова А. Р., методист | ||
| 320 | _aБиблиогр.: с. 87-88 (20 назв.) | ||
| 330 | _aВ пособии представлена система работы по педагогическому сопровождению формирования карьерной компетенции студентов, обучающихся по специальности "Обработка водных биоресурсов" в Камчатском государственном профессиональном образовательном автономном учреждении "Камчатский политехнический техникум" г. Петропавловска-Камчатского. Описанная в пособии система педагогического сопровождения может быть использована для работы со студентами других профилей с технической направленностью, обучающихся в учреждениях среднего профессионального образования. Издание адресовано заместителям директоров по учебно-воспитательной работе, методистам, педагогам-наставникам учреждений среднего профессионального образования | ||
| 601 | 0 | 2 |
_aКамчатский политехнический техникум _cПетропавловск-Камчатский, город; Камчатская область _xУчебные программы _jУчебно-методические пособия _2nlr_sh2 _3RU\NLR\AUTH\6601716187 |
| 675 |
_a377(571.66) _v4 |
||
| 686 | 1 | _aЧ471.211я7 | |
| 700 | 1 |
_aХайдарова _bА. Р. _gАнжелика Рифовна |
|
| 942 | _cBOOK | ||
| 980 | _aNB | ||